00340 a2200109 4500001000700000020000600007040001100013100005400024240007400078245006900152362000900221171105 a  cMagnum aBanco de Desenvolvimento de Minas Gerais S.d/bdmg10aMinas gerais do seculo xxi/v.8 - investindo em politicas sociaislpor10aMinas gerais do seculo xxi/v.8 - investindo em politicas sociais0 a1899